[Event "XVII Festival"]
[Site "Abu Dhabi EAU"]
[Date "2007.08.18"]
[Round "7"]
[White "Neverov, V."]
[Black "Pantsulaia, L."]
[Result "1-0"]
[WhiteElo "2541"]
[BlackElo "2611"]
[PlyCount "67"]
[EventDate "2007.08.12"]
[Source "www.chesslib.no"]
[SourceDate "2004.05.04"]

1. d4 Nf6 2. c4 e6 3. Nc3 c5 4. d5 exd5 5. cxd5 d6 6. e4 g6 7. h3 Bg7 8. Nf3 O-O 9. Bd3 a6 10. a4 Re8 11. O-O Nbd7 12. Re1 Qe7 13. a5 Rb8 14. Ra3 Qf8 15. Na4 Nh5 16. Rb3 Bh6 17. Nb6 Nf4 18. Bc4 Qg7 19. Nxd7 Bxd7 20. Rb6 f5 21. e5 dxe5 22. d6+ Kf8 23. Bd2 Qh8 24. Bc3 Bg7 25. Qd2 g5 26. Nxg5 Bf6 27. g3 Ng6 28. h4 Qg7 29. h5 Nh8 30. Nf3 f4 31. h6 Qxh6 32. Nxe5 Bxe5 33. Rxe5 Nf7 34. Re7 1-0

[Event "Essen 75/63"]
[Site "?"]
[Date "1999.??.??"]
[Round "?"]
[White "Dautov, Rustem"]
[Black "Lobron, Eric"]
[Result "0-1"]
[WhiteElo "2598"]
[BlackElo "2553"]
[PlyCount "112"]
[EventDate "1999.??.??"]
[Source "ChessBase"]
[SourceDate "1999.02.01"]

1. d4 Nf6 2. c4 e6 3. Nf3 c5 4. d5 d6 5. Nc3 exd5 6. cxd5 g6 7. e4 a6 8. h3 b5 9. Bd3 Bg7 10. O-O O-O 11. Bf4 Re8 12. Re1 Bb7 13. a3 Qb6 14. Rc1 Nbd7 15. b4 Rac8 16. Qd2 Nh5 17. Bh6 Bh8 18. g4 Nhf6 19. Be3 h5 20. g5 Nh7 21. Nh4 Qd8 22. f4 Nhf8 23. Nf3 Nb6 24. bxc5 dxc5 25. Qf2 Nfd7 26. Rf1 Qe7 27. Nd1 c4 28. Bc2 Qxa3 29. f5 Bg7 30. Nd4 Ne5 31. fxg6 fxg6 32. Ne6 Nbd7 33. Rb1 Rxe6 34. dxe6 Nf8 35. Bf4 Nxe6 36. Bxe5 Bxe5 37. Qf7+ Kh8 38. Rf3 Nxg5 39. Rxa3 Nxf7 40. Ne3 Bd4 41. Kh2 Bc5 42. Rc3 Bd4 43. Ra3 Bc5 44. Rc3 Ne5 45. Nd5 Rf8 46. Rg3 Kg7 47. Kh1 Rf2 48. Rg2 Rf3 49. Kh2 Bd6 50. Rd2 Ng4+ 51. Kg2 Rg3+ 52. Kf1 Rxh3 53. Re1 Rh1+ 54. Ke2 Rh2+ 55. Kd1 Rxd2+ 56. Kxd2 Bxd5 0-1